LEADER 01045nam0-22003371i-450- 001 990002031980403321 005 20090420121722.0 010 $a0-903874-06-7 035 $a000203198 035 $aFED01000203198 035 $a(Aleph)000203198FED01 035 $a000203198 100 $a20030910d1979----km-y0itay50------ba 101 0 $aeng 200 1 $aBritish tortricoid moths$eTortricidae$eOlethreutinae$fJ. D. Bradley, W. G. Tremewan, Arthur Smith 210 $aLondon$cThe Ray Society$d1979 215 $a335 p., 43 tv.$d29 cm 225 1 $aRay Society publications$v153 320 $aBibliografia: p. 321-331 610 0 $aLepidotteri Tortricoidea 676 $a595.781 700 1$aBradley,$bJohn David$f<1920-2004>$085842 701 1$aSmith,$bArthur$0360403 701 1$aTremewan,$bWalter Gerald$086330 801 0$aIT$bUNINA$gRICA$2UNIMARC 901 $aBK 912 $a990002031980403321 952 $a61 IV G.8/173$b4756 (26/5/81)$fDAGEN 959 $aDAGEN 996 $aBritish tortricoid moths$9404257 997 $aUNINA LEADER 02059nam0 2200397 i 450 001 VAN0050221 005 20240208031342.428 010 $a978-05-215-8807-2 100 $a20060828r1996 |0itac50 ba 101 $aeng 102 $aGB 105 $a|||| ||||| 200 1 $aˆA ‰course of modern analysis$ean introduction to the general theory of infinite processes ... / E. T. Whittaker, G. N. Watson 205 $aRepr. of 4. ed 210 $aCambridge$cCambridge university$d1996 215 $a608 p.$d23 cm 410 1$1001VAN0024563$12001 $aCambridge mathematical library$1210 $aCambridge$cCambridge university 606 $a26-XX$xReal functions [MSC 2020]$3VANC019778$2MF 606 $a42-XX$xHarmonic analysis on Euclidean spaces [MSC 2020]$3VANC019851$2MF 606 $a30-XX$xFunctions of a complex variable [MSC 2020]$3VANC020785$2MF 606 $a34-XX$xOrdinary differential equations [MSC 2020]$3VANC021251$2MF 606 $a01A75$xCollected or selected works; reprintings or translations of classics [MSC 2020]$3VANC021493$2MF 606 $a33-XX$xSpecial functions [MSC 2020]$3VANC022590$2MF 620 $dCambridge$3VANL000024 700 1$aWhittaker$bEdmund Taylor$3VANV039574$0461536 701 1$aWatson$bGeorge N.$3VANV030933$0728033 712 $aCambridge university $3VANV107986$4650 790 1$aWatson, George Neville$zWatson, George N.$3VANV059525 790 1$aWatson, G. N.$zWatson, George N.$3VANV059526 801 $aIT$bSOL$c20240209$gRICA 856 4 $uhttps://books.google.it/books?id=ULVdGZmi9VcC&printsec=frontcover&dq=A+course+of+modern+analysis+WITTHAKER&hl=it&sa=X&ved=0ahUKEwig2ey858LWAhWCtBQKHb_uA0wQ6AEIKDAA#v=onepage&q&f=false$zPreview 899 $aBIBLIOTECA DEL DIPARTIMENTO DI MATEMATICA E FISICA$1IT-CE0120$2VAN08 912 $aVAN0050221 950 $aBIBLIOTECA DEL DIPARTIMENTO DI MATEMATICA E FISICA$d08PREST 30-XX 4873 $e08 4398 I 20060828 996 $aCourse of modern analysis$91426427 997 $aUNICAMPANIA